Baby Names: 'E' Boy Names by Decade Quiz Stats

Quiz Updated Feb 23, 2017

Challenge
Share
Tweet
Embed
Score 0/116 Timer 08:00
52 Plays Today
Decade Name % Correct
1880sEd
94.5%
1890sEd
94.5%
1880sEdward
92.5%
1890sEdward
92.5%
1900sEdward
92.5%
1910sEdward
92.5%
1920sEdward
92.5%
1930sEdward
92.5%
1940sEdward
92.5%
1950sEdward
92.5%
1960sEdward
92.5%
1970sEdward
92.5%
1980sEdward
92.5%
1990sEdward
92.5%
2000sEdward
92.5%
1880sEddie
78.7%
1890sEddie
78.7%
1900sEddie
78.7%
1910sEddie
78.7%
1920sEddie
78.7%
1930sEddie
78.7%
1940sEddie
78.7%
1950sEddie
78.7%
1960sEddie
78.7%
1970sEddie
78.7%
1990sEthan
71.2%
2000sEthan
71.2%
1940sEric
69.9%
1950sEric
69.9%
1960sEric
69.9%
1970sEric
69.9%
1980sEric
69.9%
1990sEric
69.9%
2000sEric
69.9%
1980sEvan
68.6%
1990sEvan
68.6%
2000sEvan
68.6%
2000sEli
63.6%
1880sEdgar
54.5%
Decade Name % Correct
1890sEdgar
54.5%
1900sEdgar
54.5%
1910sEdgar
54.5%
1920sEdgar
54.5%
1930sEdgar
54.5%
1940sEdgar
54.5%
1990sEdgar
54.5%
2000sEdgar
54.5%
1880sEdwin
54.2%
1890sEdwin
54.2%
1900sEdwin
54.2%
1910sEdwin
54.2%
1920sEdwin
54.2%
1930sEdwin
54.2%
1940sEdwin
54.2%
1950sEdwin
54.2%
1960sEdwin
54.2%
1970sEdwin
54.2%
1980sEdwin
54.2%
1990sEdwin
54.2%
1880sErnest
49.8%
1890sErnest
49.8%
1900sErnest
49.8%
1910sErnest
49.8%
1920sErnest
49.8%
1930sErnest
49.8%
1940sErnest
49.8%
1950sErnest
49.8%
1960sErnest
49.8%
1970sErnest
49.8%
1960sErik
49.4%
1970sErik
49.4%
1980sErik
49.4%
1990sErik
49.4%
2000sErik
49.4%
1990sElijah
46%
2000sElijah
46%
1880sEarl
43.6%
1890sEarl
43.6%
Decade Name % Correct
1900sEarl
43.6%
1910sEarl
43.6%
1930sEarl
43.6%
1950sEarl
43.6%
1960sEarl
43.6%
1920sEarl
43.6%
1940sEarl
43.6%
1910sEdmund
37%
1880sEugene
32.2%
1890sEugene
32.2%
1900sEugene
32.2%
1910sEugene
32.2%
1920sEugene
32.2%
1930sEugene
32.2%
1940sEugene
32.2%
1950sEugene
32.2%
1960sEugene
32.2%
1970sEugene
32.2%
1990sEduardo
30.3%
2000sEduardo
30.3%
1890sEverett
28.6%
1900sEverett
28.6%
1910sEverett
28.6%
1920sEverett
28.6%
1930sEverett
28.6%
1940sEverett
28.6%
1880sElmer
28.2%
1890sElmer
28.2%
1900sElmer
28.2%
1910sElmer
28.2%
1920sElmer
28.2%
1930sElmer
28.2%
1940sElmer
28.2%
1880sEmil
25.2%
1900sEarnest
24.4%
1920sEarnest
24.4%
1930sEarnest
24.4%
2000sEmmanuel
20.4%

You're not logged in!

Compare scores with friends on all Sporcle quizzes.
Sign Up with Email
OR
Log In

You Might Also Like...

Show Comments

Extras

Top Quizzes Today


Score Distribution

Your Account Isn't Verified!

In order to create a playlist on Sporcle, you need to verify the email address you used during registration. Go to your Sporcle Settings to finish the process.